Rural local government in Sweden, Italy and India: a comparative study (Record no. 422378)

000 -LEADER
fixed length control field 00455cam a22001457a 4500
008 - FIXED-LENGTH DATA ELEMENTS--GENERAL INFORMATION
fixed length control field 180718b1957 xxu||||| |||| 00| 0 eng d
082 ## - DEWEY DECIMAL CLASSIFICATION NUMBER
Classification number B71 Z66
100 ## - MAIN ENTRY--PERSONAL NAME
Personal name Zink, Harold
245 ## - TITLE STATEMENT
Title Rural local government in Sweden, Italy and India: a comparative study
Statement of responsibility, etc. by Harold Zink
260 ## - PUBLICATION, DISTRIBUTION, ETC.
Place of publication, distribution, etc. London
Name of publisher, distributor, etc. Stevens
Date of publication, distribution, etc. 1957
300 ## - PHYSICAL DESCRIPTION
Extent xiii, 142p
650 ## - SUBJECT ADDED ENTRY--TOPICAL TERM
Topical term or geographic name entry element Local government --India.
650 ## - SUBJECT ADDED ENTRY--TOPICAL TERM
Topical term or geographic name entry element Local government --Italy
650 ## - SUBJECT ADDED ENTRY--TOPICAL TERM
Topical term or geographic name entry element Local government --Sweden
Holdings
Withdrawn status Lost status Damaged status Not for loan Permanent Location Current Location Date acquired Full call number Barcode Date last seen Price effective from Koha item type
        Indian Institute of Public Administration Indian Institute of Public Administration 2009-08-20 B71 Z66 10470 2018-07-21 2018-07-21 Book

Powered by Koha